000 00410nam a2200169Ia 4500
008 230711s9999||||xx |||||||||||||| ||und||
020 _a978-3-8331-4770-8
041 _aENG
082 _a724.6
_bPI-S
100 _aTietz,Jurgen
245 4 _aThe Story of Modern Architecture
250 _a1st Ed.
260 _c2008
_aBerlin
_bUllmann Publication
300 _a127p.
650 _aArchitecture
942 _cBK
999 _c6507
_d6507